000 00317nam a2200133Ia 4500
005 20260328104339.0
008 260328s9999||||xx |||||||||||||| ||und||
100 _aLondoño, Francisco
245 0 _aLa Guadua /
_cFrancisco Londoño
260 _bBedout
300 _a1970 p.
650 _aARQUITECTURA
942 _cBK
999 _c12031
_d12031